000 00269nam a2200097Ia 4500
001 1300094
005 20260420095857.0
008 260420s9999 xx 000 0 und d
245 0 _aBURCU - KÜSMEK İŞE YARIYOR MU
_cNURŞEN ŞİRİN
260 _bTİMAŞ ÇOCUK YAYINLARI
999 _c1300094
_d1300094